Sirius Black - Statistics

General Stats
  • This quiz has been taken 100 times
  • The average score is 17 of 20
Answer Stats
Hint Answer % Correct
First name sirius
100%
last name black
99%
school hogwarts
99%
house gryffindor
95%
siblings regulus
90%
hair colour black
87%
animagus black dog
86%
eye colour grey/green
86%
best friend james/remus/peter
86%
bellatrix
85%
middle name (The fan agreed one) orion
85%
marauders name padfoot
85%
blood status pureblood
85%
most commonly shipped with remus
85%
cousins andromeda
82%
narcissa
82%
parents orion
81%
walburga
79%
quiditch position beater
76%
cause of death fell through the veil
43%
No matching quizzes found
Score Distribution
Percent of People with Each Score
Percentile by Number Answered
Your Score History
You have not taken this quiz